Statistics for U.S. Presidents Turned into Cartoon Characters

Click here to take the quiz!

General Stats

  • This quiz has been taken 1,346 times
  • The average score is 13 of 16

Answer Stats

Answer% Correct
Donald Trump
99%
Abraham Lincoln
98%
Barack Obama
98%
Joe Biden
98%
George Washington
96%
Ronald Reagan
90%
John F. Kennedy
89%
Richard Nixon
89%
Theodore Roosevelt
86%
Bill Clinton
85%
Thomas Jefferson
80%
Harry Truman
74%
Franklin D. Roosevelt
66%
Woodrow Wilson
65%
William Taft
56%
Martin Van Buren
51%

Score Distribution

Percentile by Number Answered

Percent of People with Each Score

Your Score History

You have not taken this quiz